00727nam a22002057a 450000500170000000800410001702000180005804000070007604100120008308200210009510000180011624500440013426000440017830000260022236500140024852002080026265000110047065000200048170000200050120221221162803.0221221b ||||| |||| 00| 0 eng d a9780195687187 cAL aEnglish 223a320.54bGRON aSteven Grosby aNationalism : A Very Short Introduction aNew YorkbOxford University Pressc2005 a142 p.bPBc17x11 cm. d₹165.00 aExploring nationality through the difficulties and conflicts that have arisen throughout history, this title discusses nations and nationalism from social, philosophical and anthropological perspectives. aNation aSocial Relation aGROSBY (Steven)